LEADER 01456nam a2200289 4500 001 000000332096 003 CaOOAMICUS 005 20190116154246.0 008 190116s1988 fr 000 u fre r 020 $a2-8271-0388-5$c(Éu) 020 $a2-85049-366-X$c(Sp) 040 $aSeMil$bita 100 1 $aMaritain, Jacques,$d<1882-1973>.$0(OLS)http://semarc/name/1393 245 10$aOeuvres complètes.$nVolume 7.$p[1939-1943]. 264 1$aFribourg, Suisse :$bÉditions Universitaires ;$aParis :$bÉditions Saint-Paul,$c1988. 300 $a1402 p. ;$c21 cm 700 1 $aMaritain, Raïssa.$0(OLS)http://semarc/name/97467 710 0 $aCercle d'Études Jacques et Raïssa Maritain .$0(OLS)http://semarc/name/37825 773 0 $aMaritain, Jacques <1882-1973>$tOeuvres complètes.$dFribourg, Suisse : Éditions Universitaires ; Paris : Éditions Saint-Paul, 1986-1995.$w()332078 850 $aSeMil 852 $aSeMil$W1$xVenegono$y1$m2OA VII 20$j210285$B223973$CSeMilBibl$Z2$F223973 $81 996 $6020$a2-8271-0388-5$c(Éu)$9(OLS)http://semarc/number/286235 996 $6020$a2-85049-366-X$c(Sp)$9(OLS)http://semarc/number/286224 996 $6245$aOeuvres complètes.$nVolume 7.$p[1939-1943]$9(OLS)http://semarc/title/420792 996 $6264$aFribourg, Suisse :$bÉditions Universitaires$9(OLS)http://semarc/publisher/34530 996 $6264$aParis :$bÉditions Saint-Paul$9(OLS)http://semarc/publisher/33508 LEADER 01175nam a2200217 i 4500 001 000000184343 003 CaOOAMICUS 005 20091230000000.0 008 091230s1957 sp u000 u mul u 013 $a162323 040 $aSeMil$bita 100 1 $aCapanaga, Victorino.$0(OLS)http://semarc/name/33543 245 10$aIntroducción general. Bibliografía. Vida de San Augustín, escrita por San Posidio. Introducción a los Diálogos. Soliloquios. De la vida feliz. Del orden. /$cPreparado por el Victorino Capanaga. 250 $aTercera edicion. 300 $aXII, 822 p. 490 0 $aBiblioteca de autores cristianos 773 0 $aGarcía, Felix $tObras de San Agustin.$dMadrid : Biblioteca de autores cristianos, 1953-1967.$kBiblioteca de autores cristianos$gTomo1$w()22694 830 0$aBiblioteca de autores cristianos.$0(OLS)http://semarc/title/428 850 $aSeMil 852 $aSeMil$W1$xVenegono$y1$m2S V 17$j135039$B135039$CSeMilBibl$Z2$F146687 $81 996 $6245$aIntroducción general. Bibliografía. Vida de San Augustín, escrita por San Posidio. Introducción a los Diálogos. Soliloquios. De la vida feliz. Del orden.$9(OLS)http://semarc/title/264583